Подробности
| 000 -МАРКЕР |
| контрольное поле |
04395nam2a2200349 4500 |
| 001 - ИДЕНТИФИКАТОР ЗАПИСИ |
| контрольное поле |
RU\NLR\BIBL_A\022399030 |
| 005 - ИДЕНТИФИКАТОР ВЕРСИИ |
| контрольное поле |
20250627123201.0 |
| 035 ## - ДРУГИЕ СИСТЕМНЫЕ НОМЕРА |
| Идентификатор записи |
(NLR Aleph) 022399030 |
| 100 ## - ДАННЫЕ ОБЩЕЙ ОБРАБОТКИ |
| Данные общей обработки |
20060306d1896 |||y0rusy50 ca |
| 101 0# - ЯЗЫК РЕСУРСА |
| Язык текста, звукозаписи и т.д. |
русский |
| 102 ## - СТРАНА ПУБЛИКАЦИИ ИЛИ ПРОИЗВОДСТВА |
| Страна публикации |
российская федерация |
| 105 ## - ПОЛЕ КОДИРОВАННЫХ ДАННЫХ: ТЕКСТОВЫЕ МАТЕРИАЛЫ, МОНОГРАФИЧЕСКИЕ |
| Кодированные данные о монографическом текстовом документе |
ac z 000yd |
| 200 1# - ЗАГЛАВИЕ И СВЕДЕНИЯ ОБ ОТВЕТСТВЕННОСТИ |
| Основное заглавие |
Сезон 1895–1896 гг. |
| Наименование части |
Приложения |
| Обозначение и номер части |
Кн. 2 |
| Первые сведения об ответственности |
редактор А. Е. Молчанов |
| 210 ## - ПУБЛИКАЦИЯ, РАСПРОСТРАНЕНИЕ И ДР. |
| Дата издания, распространения и т.д. |
1896 |
| Место издания, распространения и т.д. |
Б. м. |
| 215 ## - ФИЗИЧЕСКАЯ ХАРАКТЕРИСТИКА |
| Специфическое обозначение материала и объем |
[3], 164, [1] с. |
| Другие сведения о физической характеристике |
ил., портр. |
| Размеры |
25 |
| 327 1# - ПРИМЕЧАНИЯ О СОДЕРЖАНИИ |
| Текст примечания |
Содерж.: Варвара Николаевна Асенкова (1817–1841 гг.) : очерк Ал. Ч. Театр в царствование Императрицы Екатерины II (1761–1796 гг.) : исторический очерк Н. А. Селиванова. Любительский театр при Екатерине II (1761–1796 гг.) : исторический очерк барона Н. В. Дризена. Записки М. С. Щепкина (Еще новая глава) : статья А. А. Ярцева. Томмазо Сальвини (Tommaso Salvini). Его искусство и критическия воззрения : из воспоминаний А. Н. Кремлева |
| 461 #0 - УРОВЕНЬ НАБОРА |
| Встроенное поле |
001v19\rc\1302509 |
| -- |
2001#$aЕжегодник Императорских театров$eиздание Дирекции Императорских театров$vГ. 6 |
| Системный номер (АБИС) связанной записи |
5370106 |
| Место публикации |
Санкт-Петербург |
| Дата публикации |
1892 - 1920 |
| Сведения, относящиеся к заглавию |
издание Дирекции императорских театров |
| Заглавие |
Ежегодник императорских театров |
| Номер тома |
Г. 6 |
| 464 #0 - АНАЛИТИЧЕСКИЙ УРОВЕНЬ |
| Встроенное поле |
2001#$aВарвара Николаевна Асенкова (1817–1841 гг.)$eочерк Ал. Ч. |
| -- |
700#1$aЧехов$bА. П.$f1855-1913$gАлександр Павлович$3RU\NLR\AUTH\7799921 |
| -- |
702#1$aАсенкова$bВ. Н.$f1817–1841$gВарвара Николаевна$4280 |
| Заглавие |
Варвара Николаевна Асенкова (1817–1841 гг.) |
| Автор |
Чехов, Александр Павлович (1855-1913) |
| 464 #0 - АНАЛИТИЧЕСКИЙ УРОВЕНЬ |
| Встроенное поле |
2001#$aТеатр в царствование Императрицы Екатерины II (1761–1796 гг.)$h[1–2]$eисторический очерк Н. А. Селиванова |
| -- |
700#1$aСеливанов$bН. А. |
| Заглавие |
Театр в царствование Императрицы Екатерины II (1761–1796 гг.) |
| Автор |
Селиванов, Н. А. |
| 464 #0 - АНАЛИТИЧЕСКИЙ УРОВЕНЬ |
| Встроенное поле |
2001#$aЛюбительский театр при Екатерине II (1761–1796 гг.)$eисторический очерк барона Н. В. Дризена |
| -- |
700#1$aДризен$bН. В.$f1868-1935$gНиколай Васильевич$3RU\NLR\AUTH\770157024 |
| Заглавие |
Любительский театр при Екатерине II (1761–1796 гг.) |
| Автор |
Дризен, Николай Васильевич (1868-1935) |
| 464 #0 - АНАЛИТИЧЕСКИЙ УРОВЕНЬ |
| Встроенное поле |
2001#$aЗаписки М. С. Щепкина (Еще новая глава)$eстатья А. А. Ярцева |
| -- |
700#1$aЯрцев$bА. А.$f1858-1907$gАлексей Алексеевич$3RU\NLR\AUTH\7753000 |
| -- |
702#1$aЩепкин$bМ. С.$f1788-1863$gМихаил Семенович$3RU\NLR\AUTH\7752995 |
| Заглавие |
Записки М. С. Щепкина (Еще новая глава) |
| Автор |
Ярцев, Алексей Алексеевич (1858-1907) |
| 464 #0 - АНАЛИТИЧЕСКИЙ УРОВЕНЬ |
| Встроенное поле |
2001#$aТоммазо Сальвини (Tommaso Salvini). Его искусство и критическия воззрения$eиз воспоминаний А. Н. Кремлева |
| -- |
5181#$aТоммазо Сальвини (Tommaso Salvini). Его искусство и критические воззрения |
| -- |
700#1$aКремлев$bА. Н.$f1859-1919$gАнатолий Николаевич$3RU\NLR\AUTH\7774453 |
| -- |
702#1$aСальвини$bТ.$f1829-1915$gТоммазо$4280 |
| Заглавие |
Томмазо Сальвини (Tommaso Salvini). Его искусство и критическия воззрения |
| Автор |
Кремлев, Анатолий Николаевич (1859-1919) |
| 801 #0 - ИСТОЧНИК ЗАПИСИ |
| Страна |
российская федерация |
| Организация |
NLR |
| Дата составления |
20060306 |
| Правила каталогизации |
psbo |
| 801 #1 - ИСТОЧНИК ЗАПИСИ |
| Страна |
российская федерация |
| Организация |
ProSoft-M |
| Дата составления |
20060306 |
| Источник данных |
rusmarc |
| 801 #2 - ИСТОЧНИК ЗАПИСИ |
| Страна |
российская федерация |
| Организация |
NLR |
| Дата составления |
20060329 |
| Источник данных |
rusmarc |
| 852 ## - МЕСТОНАХОЖДЕНИЕ И ШИФР ХРАНЕНИЯ |
| Идентификатор организации |
NLR |
| Шифр хранения (Call Number) |
18.21.2.1(1895-96 прил. кн.2) |
| 852 ## - МЕСТОНАХОЖДЕНИЕ И ШИФР ХРАНЕНИЯ |
| Идентификатор организации |
NLR |
| Шифр хранения (Call Number) |
136/538(1895-96 прил. кн.2) |
| 852 ## - МЕСТОНАХОЖДЕНИЕ И ШИФР ХРАНЕНИЯ |
| Идентификатор организации |
NLR |
| Шифр хранения (Call Number) |
18.21.2.5(1895-96 прил. кн.2) |
| 942 ## - ДОПОЛНИТЕЛЬНЫЕ ЭЛЕМЕНТЫ ЗАПИСИ (АБИС) |
| Тип экземпляра АБИС |
Книга |
| 980 ## - КОЛЛЕКЦИЯ |
| Название коллекции |
Национальная библиография |